000 00601nam a22002297a 4500
001 14372
003 BD-JhCC
005 20250731093521.0
008 250731b |||||||| |||| 00| 0 eng d
020 _a9780141397962
035 _a(BD-JhCC) 14372
040 _aBD-JhCC
_dBD-JhCC
041 _aeng
082 _223
_a823
_bSTE
100 _aStevenson,Robert Louis
245 _aOlalla /
_cRobert Louis Stevenson
260 _aIndia:
_bPenguin Classics,
_c2015
300 _a55p.;
_c16 cm.
490 _aPenguin Little Black Classics,
_v19
650 _aEnglish Fiction
_vNovella
942 _2ddc
_cBK
999 _c14372
_d14372